000 00403 a2200157 4500
003 Nust
005 20170207153552.0
040 _cNust
082 _a005.1
100 _aBaig, Lt.Col.Nasir MSCS-14
245 _aRoad detection from grayscale satellite images
_cLt.Col.Nasir Baig, MSCS-14
260 _bMCS
_cMarch,2011
300 _ax, 53 p
538 _aAlmirah No 69 Shelf No 6
650 _aMSCS Thesis
942 _cTHS
999 _c188906
_d188906